Likvidácia spoločnosti a predaj podniku
Podstata a účel likvidácie spoločnosti. Oprávnenia likvidátora. Predaj podniku.
Na minha lista:
| Autor principal: | |
|---|---|
| Formato: | Capítulo de Livro |
| Idioma: | eslovaco |
| Assuntos: | |
| Tags: |
Sem tags, seja o primeiro a adicionar uma tag!
|
MARC
| LEADER | 00000naa$a2200000$$$4500 | ||
|---|---|---|---|
| 001 | 0038334 | ||
| 005 | 20231102091545.5 | ||
| 041 | 0 | |a slo | |
| 044 | |a SK | ||
| 245 | 1 | 0 | |a Likvidácia spoločnosti a predaj podniku |c Oľga Ovečková |
| 520 | |a Podstata a účel likvidácie spoločnosti. Oprávnenia likvidátora. Predaj podniku. | ||
| 610 | 2 | 0 | |a likvidácia podniku |
| 610 | 2 | 0 | |a predaj |
| 610 | 2 | 0 | |a likvidátori |
| 610 | 2 | 0 | |a majetok podnikový |
| 610 | 2 | 0 | |a legislatíva |
| 100 | 1 | |a Ovečková, Oľga | |